| 000 | 00968nam a2200229 a 4500 | ||
|---|---|---|---|
| 001 | 000030592 | ||
| 005 | 20200930062409.0 | ||
| 008 | 110524s1950 dr 000 0 spa d | ||
| 040 |
_aDO-SdBNP _bspa _cBNPHU |
||
| 082 |
_a271.5307293 _bV181c |
||
| 100 | 1 |
_aValle LLano, Antonio _957056 |
|
| 245 | 1 | 3 |
_aLa compañia de Jesús en Santo Domingo durante el período hispánico / _cAntonio Valle LLano ; prólogo de Manuel Arturo Peña Batlle. |
| 260 |
_aCiudad Trujillo, República Dominicana : _bImpresora Dominicana, _c1950. |
||
| 300 |
_a376 p. : _bil., retr. ; _c22 cm. |
||
| 500 | _aAlgunas notas historicas recogidas por Antonio Valle Llano | ||
| 500 | _aIncluye referencias bibliográficas y notas al final de los capitulos | ||
| 504 | _aIncluye índices | ||
| 590 | _aInventariado, 2019/BT | ||
| 650 | 4 |
_aJesuitas _zRepública Dominicana _957057 |
|
| 700 | 1 | 2 |
_aPeña Batlle, Manuel Arturo, _d1902-1952, _epról. _98406 |
| 910 | _aValidado. Control de calidad MFF | ||
| 999 |
_c30084 _d30084 |
||